000 00599nam a2200229Ia 4500
003 OSt
005 20221005122837.0
006 a|||||r|||| 00| 0
007 ta
008 221004b |||||||| |||| 00| 0 mal d
024 _a53208
037 _cTextual
040 _aCRL
_cCRL
_bmal
041 _2mal
_amal
082 _aNS212:g, 32M1
100 _aKaimal Aymanam Krishna
_9632711
245 0 _aKathakaliprabhavam sahityakritialil
260 _c1981
650 _aDANCE
_936226
942 _hNS212:g, 32M1
_cTEXL
_2cc
999 _c1045575
_d1045575